Countries Closest to Italy - 15 Second Sprint - Statistics

General Stats
  • This quiz has been taken 130 times
  • The average score is 6 of 20
Answer Stats
km country miles % Correct
0 France 0
83%
0 Vatican City 0
80%
0 San Marino 0
73%
0 Austria 0
63%
0 Switzerland 0
61%
0 Slovenia 0
58%
8 Monaco 5
43%
12 Croatia 8
39%
45 Germany 28
34%
81 Malta 50
33%
78 Greece 49
19%
153 Bosnia and Herzegovina 95
16%
73 Albania 45
14%
71 Tunisia 44
11%
68 Liechtenstein 43
6%
188 Hungary 117
5%
174 Montenegro 108
5%
214 Algeria 133
4%
218 Czech Republic 135
2%
204 Macedonia 127
0%
No matching quizzes found
Score Distribution
Percent of People with Each Score
Percentile by Number Answered
Your Score History
You have not taken this quiz